000 00623nam a2200241Ia 4500
003 OSt
005 20221005130604.0
006 a|||||r|||| 00| 0
007 ta
008 221004b |||||||| |||| 00| 0 kan d
024 _a59703
037 _cTextual
040 _aCRL
_cCRL
_bkan
041 _2kan
_akan
082 _aO33,1K50w, L0
100 _aAitala G. Chandrasekhara Au.
_9638344
245 0 _aRudrabhatta
260 _c1970
650 _a KANNAD POETRY
650 _aKANNAD LITERATURE
942 _hO33,1K50w, L0
_cTEXL
_2cc
999 _c1057736
_d1057736